| 000 | 00973nam a2200265Ia 4500 | ||
|---|---|---|---|
| 003 | OSt | ||
| 005 | 20220923211509.0 | ||
| 006 | a|||||r|||| 00| 0 | ||
| 007 | ta | ||
| 008 | 220922b |||||||| |||| 00| 0 hin d | ||
| 020 |
_a9789380033334 (hbk) _c795 |
||
| 024 | _a354,187 | ||
| 037 |
_b1117, 29/12/2021, Kiran Book Service _cTextual |
||
| 040 |
_aARTS _cARTS _bhin |
||
| 041 |
_2hin _ahin |
||
| 082 | _aO152:g, Q2 | ||
| 100 | _aसोलंकी, गिरीश, ले. | ||
| 245 | 0 | _aहिन्दी साहित्य के विविध आयाम | |
| 246 | _aHindī sāhitya ke vividh āyāma | ||
| 260 |
_aजयपुर _b पैराडाईज पब्लिशर्स _c2012 |
||
| 300 |
_a151पृ. _ccm. |
||
| 650 |
_aहिन्दी साहित्य _9156264 |
||
| 942 |
_hO152:g, Q2 _cTEXL _2CC |
||
| 999 |
_c300149 _d300149 |
||